[Event "British Columbia op"]
[Site "Victoria"]
[Date "2009.07.25"]
[Round "3"]
[White "Ho, Daniel"]
[Black "Paulson, Stewart"]
[Result "1-0"]
[WhiteElo "1900"]
[BlackElo "1510"]
[PlyCount "79"]
[EventDate "2009.07.24"]
[EventType "swiss"]
[EventRounds "5"]
[EventCountry "CAN"]
[SourceTitle "EXT 2011"]
[Source "ChessBase"]
[SourceDate "2010.11.26"]
[SourceVersion "1"]
[SourceVersionDate "2010.11.26"]
[SourceQuality "1"]

1. e4 e5 2. Nf3 Nc6 3. Bb5 d6 4. h3 Bd7 5. c3 g6 6. d4 exd4 7. cxd4 Bg7 8. 0-0 a6 9. Bc4 Nge7 10. Be3 0-0 11. Qd2 Re8 12. Ng5 Rf8 13. f4 h6 14. Nf3 Kh7 15. Nc3 Ng8 16. e5 Nce7 17. d5 Nf5 18. Ne4 Nxe3 19. Qxe3 Bb5 20. Bxb5 axb5 21. h4 dxe5 22. fxe5 Qxd5 23. Rfd1 Qc6 24. Kh1 Kh8 25. Rac1 Qa6 26. a3 Rad8 27. Rxd8 Rxd8 28. Rxc7 Rd1+ 29. Kh2 Qe6 30. Nc5 Qf5 31. e6 Nf6 32. e7 Ne8 33. Rxb7 Bxb2 34. Rb8 Bc1 35. Rxe8+ Kg7 36. Qc3+ f6 37. Rg8+ Kxg8 38. e8Q+ Kg7 39. Ne6+ Kh7 40. Qf7+ 1-0

[Event "Washington op Premier"]
[Site "Seattle"]
[Date "2007.05.28"]
[Round "6"]
[White "Yang, Matthew"]
[Black "Ho, Daniel"]
[Result "1-0"]
[WhiteElo "1757"]
[BlackElo "1686"]
[PlyCount "77"]
[EventDate "2007.05.26"]
[EventType "swiss"]
[EventRounds "6"]
[EventCountry "USA"]
[SourceTitle "EXT 2017"]
[Source "ChessBase"]
[SourceDate "2016.10.25"]
[SourceVersion "1"]
[SourceVersionDate "2016.10.25"]
[SourceQuality "1"]

1. e4 e5 2. f4 d6 3. Nf3 Nc6 4. Bc4 Nf6 5. Nc3 Be7 6. d3 Bg4 7. 0-0 Nd4 8. Kh1 Qd7 9. a4 Bxf3 10. gxf3 Qh3 11. Nb5 Nxb5 12. axb5 exf4 13. Rf2 Nh5 14. Bd5 0-0 15. Bxb7 Bh4 16. Rg2 Rae8 17. Bd5 Nf6 18. Bb3 d5 19. Bxf4 dxe4 20. fxe4 Rd8 21. Qe2 Rb8 22. e5 Rfe8 23. Rag1 g6 24. Qf1 Qf5 25. exf6 Re1 26. Qf3 Rxg1+ 27. Rxg1 Bxf6 28. Qe4 Qxb5 29. Bxc7 Rb7 30. Bc4 Qxb2 31. Qe8+ Kg7 32. Qxf7+ Kh6 33. Qf8+ Kh5 34. Qc5+ Kh6 35. Bf4+ Kg7 36. Qc8 Be7 37. Qg8+ Kf6 38. Bg5+ Kf5 39. Qe6# 1-0